000 00988cam a2200277 i 4500
999 _c4351
_d4351
003 OSt
005 20220323054332.0
008 771223s1978 mouaf b 001 0 eng
020 _a0801604214
040 _cDLC
050 0 0 _aQR46
_b.B26 1978
060 _aQW25 B156d
100 1 _aBailey, W. Robert
_d1917-
245 1 0 _aBailey and Scott's Diagnostic microbiology :
_ba textbook for the isolation and identification of pathogenic microorganisms.
250 _a5th ed. /
_bSydney M. Finegold, William J. Martin, Elvyn G. Scott.
260 _aSaint Louis :
_bC. V. Mosby,
_cc1978.
300 _axiii, 514 p., [4] leaves of plates :
_bill. ;
_c26 cm.
504 _aIncludes bibliographies and index.
650 0 _aDiagnostic microbiology.
650 2 _aMicrobiology
_xLaboratory manuals.
700 1 _aFinegold, Sydney M.,
_d1921-
700 1 _aMartin, William Jeffery,
_d1932-
700 1 _aScott, Elvyn G.
906 _a7
_bcbc
_corignew
_d1
_eocip
_f19
_gy-gencatlg
942 _2lcc
_cBK